2023 College Football AP Poll - Statistics

General Stats
  • This quiz has been taken 159 times
  • The average score is 18 of 25
Answer Stats
Hint Answer % Correct
8 Alabama
98%
2 Michigan
98%
1 Georgia
97%
3 Ohio St
94%
6 Oregon
93%
7 Texas
93%
4 Florida St
90%
5 Washington
89%
12 Penn St
86%
14 Oklahoma
83%
24 Oklahoma St
76%
15 LSU
73%
21 Tennessee
73%
10 Oregon St
68%
11 Missouri
66%
23 Kansas St
64%
20 Notre Dam
64%
13 Mississippi
61%
19 Arizona
59%
16 Utah
55%
9 Louisville
50%
17 Tulane
45%
25 Liberty
42%
22 NC
37%
18 James Madison
31%
No matching quizzes found
Score Distribution
Percent of People with Each Score
Percentile by Number Answered
Your Score History
You have not taken this quiz